=LDR 00000nam 2200000 4500 =001 INLIS000000000014826 =005 20130612110114 =008 ***********************************Ind** =035 ##$$0010-061300000014826 =041 ##$$a Ind =082 ##$$a 920.71 =090 ##$$a 920.71, Kar i =100 ##$$a Karma, Mara =245 ##$$a Ibnu Sutowo, mengemban misi revolusi, sebagai dokter,tentara,pejuang minyak bumi, Mara Karma =260 ##$$a 2001 $b Jakarta =300 ##$$a xii, 336 hlm, Ilus, 20 cm =650 ##$$a Biografi =850 ##$$a NBPNMAT